[Event "DRUZYNOWE MISTRZOSTWA POLSKI 2014 - SYGNITY EKSTRALIGA"]
[Site "Gorzow Wlkp, Wroclaw, Katowice"]
[Date "2014-00-00"]
[Round "1.26"]
[White "Strzemiecki, Zbigniew"]
[Black "Kolago, Marcin"]
[Result "1/2-1/2"]
[WhiteTitle "IM"]
[BlackTitle "m"]
[WhiteElo "2383"]
[BlackElo "2338"]

1. c4 g6 2. Nc3 Bg7 3. g3 c5 4. Bg2 Nc6 5. d3 e6 6. e4 Nge7 7. Nge2 O-O 8. O-O
a6 9. Be3 Nd4 10. Qd2 Nec6 11. f4 d6 12. Kh1 Rb8 13. g4 f5 14. gxf5 exf5 15. Ng3
Bd7 16. Nd5 b5 17. b3 bxc4 18. bxc4 Ne7 19. Rab1 Nxd5 20. cxd5 Rb5 21. Rxb5 axb5
22. Ne2 Qb6 23. Nxd4 cxd4 24. Bf2 Ra8 25. Bg3 fxe4 26. dxe4 Qa5 27. Rf2 Qc3 28.
Qd1 b4 29. Rc2 Ba4 30. Rxc3 Bxd1 31. Rc1 Be2 32. Be1 d3 33. Bxb4 Rxa2 34. Rc8+
Bf8 35. Bh3 Ra1+ 36. Kg2 Bf1+ 37. Kg3 Bxh3 38. Kxh3 Rb1 39. Ba5 Ra1 40. Bb4 Ra4
41. Bc3 Ra2 42. e5 dxe5 43. fxe5 d2 44. Bxd2 Rxd2 45. e6 Kg7 46. Rc7+ Kh6 47.
e7 Bxe7 48. Rxe7 Rxd5 49. Kg3 g5 50. Ra7 Kg6 51. h3 Rd3+ 52. Kg2 h5 53. Ra5 Re3
54. Ra2 Kf5 55. Rf2+ Ke4 56. Ra2 Rd3 57. Re2+ Kf4 58. Rf2+ Ke3 59. Rf5 Rd2+ 60.
Kg1 g4 61. Rxh5 g3 62. Rh8 Rh2 63. Re8+ Kf3 64. Rf8+ Ke3 1/2-1/2

[Event "DRUZYNOWE MISTRZOSTWA POLSKI 2014 - SYGNITY EKSTRALIGA"]
[Site "Gorzow Wlkp, Wroclaw, Katowice"]
[Date "2014-00-00"]
[Round "1.27"]
[White "Mulet, Piotr"]
[Black "Shkapenko, Pavel"]
[Result "0-1"]
[WhiteTitle "FM"]
[BlackTitle "IM"]
[WhiteElo "2227"]
[BlackElo "2420"]

1. c4 Nf6 2. Nc3 e6 3. Nf3 Bb4 4. g3 O-O 5. Bg2 d5 6. cxd5 exd5 7. a3 Bxc3 8. bxc3
Re8 9. O-O Nbd7 10. d3 b6 11. a4 c5 12. Re1 Bb7 13. a5 Bc6 14. axb6 axb6 15. Bf4
h6 16. h4 Qc8 17. Qd2 Qb7 18. d4 Rxa1 19. Rxa1 Ra8 20. Rb1 Ne4 21. Qb2 Ra5 22.
Nd2 Rb5 23. Qc2 Nxd2 24. Bxd2 Rxb1+ 25. Qxb1 Qa6 26. Bf3 cxd4 27. cxd4 Nf6 28.
Qc1 Bb5 29. Qe1 Bc4 30. e4 dxe4 31. Bxe4 Qb5 32. Bg2 Bd5 33. Bf1 Qb2 34. Be3 Qc2
35. Bf4 Bb7 36. Bg2 Bxg2 37. Kxg2 b5 38. Kg1 Qc6 39. Qb4 Nd5 40. Qd6 Qxd6 41.
Bxd6 b4 42. Kf1 b3 43. Ba3 Nb6 44. d5 Nc4 45. d6 Nxd6 46. Bc1 0-1

[Event "DRUZYNOWE MISTRZOSTWA POLSKI 2014 - SYGNITY EKSTRALIGA"]
[Site "Gorzow Wlkp, Wroclaw, Katowice"]
[Date "2014-00-00"]
[Round "1.28"]
[White "Bartel, Michal"]
[Black "Wiewiora, Eneasz"]
[Result "0-1"]
[WhiteTitle "FM"]
[BlackTitle "k"]
[WhiteElo "2325"]
[BlackElo "2218"]

1. e4 d6 2. Nf3 Nf6 3. Nc3 e5 4. d4 Nbd7 5. Bc4 Be7 6. O-O O-O 7. h3 a6 8. a4 b6
9. Re1 Bb7 10. Ba2 c6 11. Be3 b5 12. axb5 axb5 13. b4 Qc7 14. Bb3 exd4 15. Rxa8
Bxa8 16. Bxd4 Ne5 17. Nh4 g6 18. f4 Nc4 19. Nf3 Nh5 20. Qc1 d5 21. exd5 Bxb4 22.
Bxc4 bxc4 23. dxc6 Qxc6 24. Kh2 f6 25. f5 Qd6+ 0-1

[Event "DRUZYNOWE MISTRZOSTWA POLSKI 2014 - SYGNITY EKSTRALIGA"]
[Site "Gorzow Wlkp, Wroclaw, Katowice"]
[Date "2014-00-00"]
[Round "1.29"]
[White "Milanowski, Jan"]
[Black "Marks, Jacek"]
[Result "0-1"]
[WhiteTitle "I++"]
[BlackTitle "k"]
[WhiteElo "1952"]
[BlackElo "2084"]

1. d4 d5 2. Nf3 Nf6 3. Bf4 Bf5 4. e3 e6 5. Nbd2 Be7 6. h3 c5 7. c3 Nc6 8. Nh4 Bd6
9. Nxf5 exf5 10. Bxd6 Qxd6 11. dxc5 Qxc5 12. Nb3 Qe7 13. Qf3 g6 14. Rd1 O-O 15.
Nd4 Ne5 16. Qg3 Nh5 17. Nxf5 Qf6 18. Nh6+ Kg7 19. Qh2 Kxh6 20. Rxd5 Rfe8 21. Be2
Qe6 22. Rb5 Nf6 23. Rxb7 Qxa2 24. O-O Kg7 25. Qf4 Rad8 26. Rd1 Rxd1+ 27. Bxd1
Qb1 28. Qd4 Nc6 29. Qd6 Rd8 30. Qxc6 Rxd1+ 31. Kh2 Rh1+ 32. Kg3 Nh5+ 33. Kh4 Qf5
34. Qf3 Rxh3+ 35. Qxh3 Qe4+ 36. Qg4 Qxb7 37. b4 Nf6 38. Qg3 Qc6 0-1

[Event "DRUZYNOWE MISTRZOSTWA POLSKI 2014 - SYGNITY EKSTRALIGA"]
[Site "Gorzow Wlkp, Wroclaw, Katowice"]
[Date "2014-00-00"]
[Round "1.30"]
[White "Gasik, Anna"]
[Black "Mareckova, Martina"]
[Result "1/2-1/2"]
[WhiteTitle "WIM"]
[BlackTitle "WFM"]
[WhiteElo "2233"]
[BlackElo "2097"]

1. e4 e5 2. Nf3 Nc6 3. Bb5 a6 4. Ba4 d6 5. Bxc6+ bxc6 6. d4 f6 7. c4 Ne7 8. Nc3
Ng6 9. h4 h5 10. dxe5 fxe5 11. Bg5 Be7 12. Qd2 Bxg5 13. Nxg5 Qf6 14. O-O-O Qf4
15. b3 Rf8 16. f3 Ke7 17. Kc2 Qxd2+ 18. Rxd2 Nf4 19. Nd1 Ne6 20. Nxe6 Bxe6 21.
Ne3 a5 22. Kc3 g6 23. Rb2 Rf4 24. a3 Rff8 25. Rf1 Rf7 26. Rbb1 Raf8 27. b4 axb4+
28. axb4 Rf4 29. Rh1 Ra8 30. Rb3 Ra2 31. b5 cxb5 32. Rxb5 Ra3+ 33. Rb3 Rxb3+ 34.
Kxb3 Rf8 35. Kc3 Kd7 36. Rf1 Ra8 37. Rb1 Ra3+ 38. Rb3 Ra2 39. Rb8 Ra3+ 40. Kd2
Ra1 41. Rh8 Ra2+ 42. Kd3 Ra3+ 43. Kd2 Ra2+ 44. Ke1 Ra1+ 45. Ke2 Ra2+ 46. Kd1 Ra1+
47. Kc2 Ra2+ 48. Kd1 Ra1+ 49. Ke2 Ra2+ 50. Ke1 Ra1+ 51. Kf2 Ra2+ 52. Kg1 Ra1+
53. Kh2 c6 54. Rh7+ Ke8 55. Kg3 1/2-1/2

[Event "DRUZYNOWE MISTRZOSTWA POLSKI 2014 - SYGNITY EKSTRALIGA"]
[Site "Gorzow Wlkp, Wroclaw, Katowice"]
[Date "2014-00-00"]
[Round "2.1"]
[White "Kempinski, Robert"]
[Black "Leniart, Arkadiusz"]
[Result "1-0"]
[WhiteTitle "GM"]
[BlackTitle "IM"]
[WhiteElo "2620"]
[BlackElo "2481"]

1. d4 Nf6 2. Nf3 d5 3. c4 e6 4. e3 Be7 5. Nbd2 O-O 6. Bd3 c5 7. b3 b6 8. O-O Bb7
9. Bb2 Nbd7 10. Qe2 Rc8 11. Rfd1 Rc7 12. e4 dxe4 13. Nxe4 Qa8 14. Nfd2 Nxe4 15.
Bxe4 cxd4 16. Bxd4 Nf6 17. Bxb7 Qxb7 18. Nf3 Rd7 19. Ne5 Rd6 20. Bb2 Rxd1+ 21.
Rxd1 Rd8 22. Rxd8+ Bxd8 23. b4 Be7 24. b5 Qe4 25. Qxe4 Nxe4 26. Kf1 Bc5 27. Ke2
f6 28. Nd3 Bd6 29. Ke3 Nc5 30. Ba3 Nb7 31. Bxd6 Nxd6 32. Kd4 Kf7 33. a4 Ke7 34.
c5 Nf5+ 35. Kc4 Kd7 36. g3 Ne7 37. a5 bxa5 38. Kb3 e5 39. Ka4 Ke6 40. Kxa5 Kd5
41. b6 Nc6+ 42. Kb5 axb6 43. cxb6 Nd8 44. Nb4+ Kd6 45. Nc2 f5 46. Ne3 Ke6 47.
Kc5 f4 48. Nc4 g5 49. g4 e4 50. Kd4 e3 51. fxe3 f3 52. Ke4 f2 53. Nd2 Kd7 54.
Kf5 Nf7 55. Nf1 Kc6 56. Kf6 Nd6 57. Kxg5 Kxb6 58. Kf4 Kc5 59. Kf3 Kd5 60. Kxf2
Ne4+ 61. Kf3 Ke5 62. h4 h6 63. Ng3 Nd2+ 64. Ke2 Nc4 65. Nf1 Nd6 66. Nd2 h5 67.
gxh5 Nf5 68. Kf3 Nxh4+ 69. Kg4 Nf5 70. Kg5 Nxe3 71. h6 1-0

[Event "DRUZYNOWE MISTRZOSTWA POLSKI 2014 - SYGNITY EKSTRALIGA"]
[Site "Gorzow Wlkp, Wroclaw, Katowice"]
[Date "2014-00-00"]
[Round "2.2"]
[White "Kuzmicz, Krystian"]
[Black "Markowski, Tomasz"]
[Result "1/2-1/2"]
[WhiteTitle "IM"]
[BlackTitle "GM"]
[WhiteElo "2457"]
[BlackElo "2575"]

1. Nf3 Nf6 2. c4 e6 3. g3 d5 4. Bg2 Be7 5. O-O O-O 6. d4 c6 7. Qc2 b6 8. Nbd2 Bb7
9. b3 Nbd7 10. Bb2 Rc8 11. e4 Qc7 12. Rfe1 Qb8 13. Rad1 Rfd8 14. Ne5 Nxe5 15.
dxe5 Nd7 16. Qb1 Nc5 17. exd5 cxd5 18. cxd5 Bxd5 19. Bxd5 Rxd5 20. Nc4 Rcd8 21.
Rxd5 Rxd5 22. Ne3 Rd7 23. Rd1 Qd8 24. Ba3 h5 25. Rxd7 Qxd7 26. Qd1 Qxd1+ 27. Nxd1
Kf8 28. Bxc5 Bxc5 29. Kf1 Ke7 30. Ke2 Kd7 31. Kd3 Kc6 32. h3 Kd5 33. f4 Bd4 34.
Ne3+ Bxe3 35. Kxe3 b5 36. Kd3 a5 37. a3 a4 38. b4 g5 39. Ke3 Kc4 40. fxg5 Kb3
41. Kd3 Kxa3 42. Kc3 Ka2 43. Kc2 Ka3 44. Kc3 Ka2 1/2-1/2

[Event "DRUZYNOWE MISTRZOSTWA POLSKI 2014 - SYGNITY EKSTRALIGA"]
[Site "Gorzow Wlkp, Wroclaw, Katowice"]
[Date "2014-00-00"]
[Round "2.3"]
[White "Olszewski, Michal"]
[Black "Strzemiecki, Zbigniew"]
[Result "1/2-1/2"]
[WhiteTitle "GM"]
[BlackTitle "IM"]
[WhiteElo "2549"]
[BlackElo "2383"]

1. Nf3 Nf6 2. c4 e6 3. d4 b6 4. a3 Bb7 5. Nc3 d5 6. cxd5 exd5 7. g3 Be7 8. Bg2
O-O 9. O-O c5 10. dxc5 bxc5 11. Ne5 Nbd7 12. Bf4 Nxe5 13. Bxe5 Ne4 14. Nxe4 dxe4
15. Qa4 Qd5 16. Bc3 Qc6 17. Qxc6 Bxc6 18. Rfd1 Rfd8 19. Ba5 Rxd1+ 20. Rxd1 g6
21. e3 Rb8 22. Rd2 f5 23. Bf1 Bb5 24. Bc7 Rb7 25. Bxb5 Rxb5 26. Rd7 Bf6 27. Bd6
Bxb2 28. Rxa7 c4 29. Bb4 Rd5 30. Rc7 Rd1+ 31. Kg2 Rc1 32. h3 h5 33. g4 hxg4 34.
hxg4 fxg4 35. a4 c3 36. Rc4 Kf7 37. Rxe4 Ra1 38. Re7+ Kf6 39. Rc7 Rxa4 40. Bxc3+
Bxc3 41. Rxc3 Ra1 42. Rc5 g5 43. Rc8 Kf5 44. Rc5+ Kf6 45. Rc6+ Kf5 46. Rh6 Ke4
47. Rh5 Kf5 48. Rh1 Ra2 49. Rb1 Rc2 50. Kg3 Kg6 51. Rb4 Kh5 52. Rb8 Rc4 53. Rd8
Ra4 54. Rd6 Rb4 55. Re6 Ra4 56. e4 Ra3+ 57. Kg2 Ra4 58. e5 Re4 59. Kg3 Re1 60.
Re8 Re4 61. Re6 Re2 62. Re8 Re4 63. e6 Rxe6 64. Rxe6 1/2-1/2

[Event "DRUZYNOWE MISTRZOSTWA POLSKI 2014 - SYGNITY EKSTRALIGA"]
[Site "Gorzow Wlkp, Wroclaw, Katowice"]
[Date "2014-00-00"]
[Round "2.4"]
[White "Shkapenko, Pavel"]
[Black "Szelag, Marcin"]
[Result "1-0"]
[WhiteTitle "IM"]
[BlackTitle "IM"]
[WhiteElo "2420"]
[BlackElo "2456"]

1. e4 c5 2. c3 e6 3. d4 d5 4. exd5 exd5 5. Nf3 Nc6 6. g3 Nf6 7. Bg2 cxd4 8. Nxd4
Bc5 9. O-O O-O 10. Be3 Bb6 11. Na3 Re8 12. Nac2 Bg4 13. f3 Bh5 14. Bf4 Bg6 15.
Kh1 Nh5 16. Bd2 Qf6 17. Be1 Rad8 18. f4 Bxc2 19. Nxc2 Qh6 20. Qd3 Nf6 21. Bf3
Ne4 22. Kg2 Qg6 23. Qd1 d4 24. cxd4 Bxd4 25. Nxd4 Nxd4 26. Qa4 Nf5 27. Qxa7 Nd2
28. Bxd2 Rxd2+ 29. Rf2 Nh4+ 30. Kg1 b6 31. Qa4 Red8 32. Be4 Qd6 33. Rxd2 Qxd2
34. gxh4 b5 35. Qc2 Qxf4 36. Rf1 Qxh4 37. Bg2 h5 38. Qf5 Qd4+ 39. Kh1 Rd7 40.
Qxb5 g6 41. Qb8+ Kg7 42. Qb3 Rc7 43. a4 Qd2 44. Qb6 Rc2 45. Qf6+ Kh6 46. Qf4+
Qxf4 47. Rxf4 Rxb2 48. Rxf7 Ra2 49. Bc6 Kg5 50. Kg1 Kg4 51. Rf2 Ra1+ 52. Kg2 g5
53. Rc2 Kh4 54. Kf2 Ra3 55. Ke2 Kh3 56. Kd2 Kxh2 57. Kc1+ Kg1 58. Kb2 Re3 59.
Rg2+ Kf1 60. Rxg5 h4 61. a5 Re6 62. Bd5 Rh6 63. a6 Rh7 64. Be4 Re7 65. Bb7 Kf2
66. Rb5 h3 67. a7 Rc7 1-0

[Event "DRUZYNOWE MISTRZOSTWA POLSKI 2014 - SYGNITY EKSTRALIGA"]
[Site "Gorzow Wlkp, Wroclaw, Katowice"]
[Date "2014-00-00"]
[Round "2.5"]
[White "Tomczak, Jacek"]
[Black "Bartel, Michal"]
[Result "1-0"]
[WhiteTitle "GM"]
[BlackTitle "FM"]
[WhiteElo "2560"]
[BlackElo "2325"]

1. e4 e5 2. Nf3 Nc6 3. d4 exd4 4. Nxd4 Qf6 5. Be3 Bc5 6. c3 Nge7 7. Bc4 b6 8. O-O
Bb7 9. f4 O-O-O 10. Qd2 Qg6 11. Bd3 Rhe8 12. b4 Bxd4 13. cxd4 Nxb4 14. Qxb4 Bxe4
15. Bxe4 Qxe4 16. Bd2 Nc6 17. Qc4 Qxd4+ 18. Qxd4 Nxd4 19. Nc3 d5 20. Rae1 c6 21.
Kf2 Nc2 22. Rxe8 Rxe8 23. Nxd5 Rd8 24. Ne7+ Kb7 25. Bc3 Rd3 26. Bxg7 Rd2+ 27.
Kf3 c5 28. Rf2 Rd3+ 29. Ke4 Re3+ 30. Kf5 Nb4 31. Kf6 c4 32. Nf5 Rd3 33. a3 Nd5+
34. Kxf7 b5 35. a4 a6 36. axb5 axb5 37. Ke6 c3 38. Nd6+ Kc6 39. Be5 b4 40. Ne4
Re3 41. Nd6 Nc7+ 42. Kf7 Rd3 43. Nc4 Nd5 44. f5 Kc5 45. Nb2 Re3 46. Bg7 b3 47.
f6 Kb4 48. Kg8 cxb2 49. Rxb2 Re8+ 50. Kxh7 Ka3 51. f7 Rc8 52. Rf2 1-0

[Event "DRUZYNOWE MISTRZOSTWA POLSKI 2014 - SYGNITY EKSTRALIGA"]
[Site "Gorzow Wlkp, Wroclaw, Katowice"]
[Date "2014-00-00"]
[Round "2.6"]
[White "Gasik, Anna"]
[Black "Chlost, Marlena"]
[Result "1/2-1/2"]
[WhiteTitle "WIM"]
[BlackTitle "WFM"]
[WhiteElo "2233"]
[BlackElo "2188"]

1. d4 Nf6 2. c4 g6 3. Nc3 d5 4. Bf4 Bg7 5. e3 O-O 6. Rc1 c5 7. dxc5 Be6 8. Nf3
Nc6 9. Ng5 Bg4 10. f3 e5 11. cxd5 exf4 12. dxc6 Qe7 13. fxg4 Qxe3+ 14. Be2 Nxg4
15. Nh3 Rad8 16. Qc2 Qe7 17. Nf2 f3 18. gxf3 Ne3 19. Qe4 Ng2+ 20. Kf1 Ne3+ 21.
Ke1 Ng2+ 22. Kf1 Ne3+ 23. Ke1 Ng2+ 24. Kf1 Ne3+ 25. Ke1 Ng2+ 26. Kf1 Ne3+ 1/2-1/2

[Event "DRUZYNOWE MISTRZOSTWA POLSKI 2014 - SYGNITY EKSTRALIGA"]
[Site "Gorzow Wlkp, Wroclaw, Katowice"]
[Date "2014-00-00"]
[Round "2.7"]
[White "Swiercz, Dariusz"]
[Black "Kolosowski, Mateusz"]
[Result "1-0"]
[WhiteTitle "GM"]
[BlackTitle "IM"]
[WhiteElo "2614"]
[BlackElo "2471"]

1. c4 Nf6 2. Nc3 d5 3. cxd5 Nxd5 4. g3 g6 5. Bg2 Nxc3 6. bxc3 Bg7 7. Rb1 Nc6 8.
h4 Qd7 9. Qa4 Nd8 10. Qa3 Nc6 11. Qc5 Nd8 12. Ba3 Bf6 13. Qc4 c6 14. Nh3 Qe6 15.
Qb3 Qxb3 16. axb3 b6 17. d4 Bb7 18. O-O Rc8 19. b4 Ba6 20. Rfe1 Nb7 21. f4 Nd6
22. e4 Nc4 23. Bc1 Bb5 24. e5 Bg7 25. Ng5 O-O 26. Ne4 f5 27. Nd2 Rfd8 28. Ra1
Rc7 29. Nxc4 Bxc4 30. Be3 e6 31. Bf1 Bxf1 32. Kxf1 Bf8 33. Ra6 Rdd7 34. Ke2 Kg7
35. Kf3 Be7 36. Rh1 h5 37. Rha1 Kf7 38. Ke2 Bf8 39. R1a4 Be7 40. Kd3 Bf8 41. Kc2
Be7 42. Kb3 Rb7 43. Kc2 Rdc7 44. Ra2 Ke8 45. Kd3 Kd7 46. Rb2 b5 47. Rba2 Ke8 48.
d5 exd5 49. Bxa7 Kd7 50. Kd4 Rc8 51. Bc5 Bd8 52. Ra8 1-0

[Event "DRUZYNOWE MISTRZOSTWA POLSKI 2014 - SYGNITY EKSTRALIGA"]
[Site "Gorzow Wlkp, Wroclaw, Katowice"]
[Date "2014-00-00"]
[Round "2.8"]
[White "Kolago, Marcin"]
[Black "Bartel, Mateusz"]
[Result "1/2-1/2"]
[WhiteTitle "m"]
[BlackTitle "GM"]
[WhiteElo "2338"]
[BlackElo "2652"]

1. e4 c6 2. d4 g6 3. Nf3 Bg7 4. Bd3 d5 5. Nbd2 Nh6 6. O-O O-O 7. Re1 Nd7 8. c3
Nb6 9. Nb3 dxe4 10. Bxe4 Nf5 11. Bg5 Re8 12. Nc5 Nd5 13. Qb3 h6 14. Bd2 b6 15.
Nd3 Nd6 16. Bxd5 cxd5 17. Qxd5 Bb7 18. Qb3 Bxf3 19. gxf3 Qd7 20. Bf4 Qf5 21. Re3
Rac8 22. Bxd6 exd6 23. Rxe8+ Rxe8 24. Re1 Re6 25. Rxe6 fxe6 26. Qd1 h5 27. Qe2
d5 28. Kg2 Bf8 29. Qe3 Bd6 30. f4 Bf8 31. h3 Bh6 32. b3 b5 33. Nc5 Kf7 34. Qe2
b4 35. cxb4 Bxf4 36. Qa6 Kf6 37. Qc8 Bd6 38. Qd8+ Be7 39. Qb8 Kf7 40. Qg3 g5 41.
Nd7 Bxb4 42. Ne5+ Kf6 43. Nc6 Bd2 44. Qb8 Qe4+ 45. Kg1 Qe1+ 46. Kg2 Qe4+ 1/2-1/2

[Event "DRUZYNOWE MISTRZOSTWA POLSKI 2014 - SYGNITY EKSTRALIGA"]
[Site "Gorzow Wlkp, Wroclaw, Katowice"]
[Date "2014-00-00"]
[Round "2.9"]
[White "Mastrovasilis, Dimitrios"]
[Black "Mulet, Piotr"]
[Result "1-0"]
[WhiteTitle "GM"]
[BlackTitle "FM"]
[WhiteElo "2605"]
[BlackElo "2227"]

1. e4 e6 2. d4 d5 3. Nc3 Nf6 4. Bg5 Bb4 5. e5 h6 6. Bh4 g5 7. Bg3 Ne4 8. Nge2 c5
9. a3 Bxc3+ 10. Nxc3 Qa5 11. dxc5 Nc6 12. b4 Nxc3 13. bxa5 Nxd1 14. Rxd1 Nxa5
15. h4 Rg8 16. hxg5 hxg5 17. Rd4 Bd7 18. Rg4 Rc8 19. Bd3 Rxc5 20. Rxg5 Rf8 21.
Bf4 Nc4 22. Bc1 Ba4 23. Rh4 b5 24. Rgh5 Kd7 25. Ke2 a6 26. Rf4 Rc7 27. g4 Kc6
28. Bd2 Kb7 29. Bb4 Rfc8 30. Bd6 Nxd6 31. exd6 Rd7 32. Rh7 Rf8 33. Rf6 Kc6 34.
g5 e5 35. Bf5 Rxd6 36. Rfxf7 Rg8 37. Rb7 Rdd8 38. g6 e4 39. Rhc7+ Kd6 40. g7 b4
41. axb4 Bb5+ 42. Kd2 1-0

[Event "DRUZYNOWE MISTRZOSTWA POLSKI 2014 - SYGNITY EKSTRALIGA"]
[Site "Gorzow Wlkp, Wroclaw, Katowice"]
[Date "2014-00-00"]
[Round "2.10"]
[White "Wiewiora, Eneasz"]
[Black "Moranda, Wojciech"]
[Result "0-1"]
[WhiteTitle "k"]
[BlackTitle "GM"]
[WhiteElo "2218"]
[BlackElo "2593"]

1. e4 d6 2. d4 Nf6 3. Nc3 e5 4. Nf3 Nbd7 5. Bc4 Be7 6. dxe5 dxe5 7. Ng5 O-O 8.
Bxf7+ Rxf7 9. Ne6 Qe8 10. Nxc7 Qd8 11. Nxa8 b6 12. Nd5 Bd6 13. Bg5 Bb7 14. Nxf6+
Nxf6 15. f3 Bxa8 16. Qd3 Bb4+ 17. Bd2 Bxd2+ 18. Qxd2 Qxd2+ 19. Kxd2 Rc7 20. Rac1
Kf7 21. Ke3 Ke7 22. Rhd1 Bb7 23. Rd2 Bc8 24. c4 a5 25. b3 Be6 26. Rcd1 Nd7 27.
Rd6 a4 28. R6d3 axb3 29. axb3 Ra7 30. Rc3 Nc5 31. Rdc1 Ra2 32. b4 Na4 33. R3c2
Ra3+ 34. Kf2 Rb3 35. c5 Nb2 36. Kg3 Nd3 37. Ra1 Nxb4 38. Ra7+ Kf6 39. Rd2 bxc5
40. Rd6 Nd3 41. Raa6 Nf4 42. Rdb6 c4 43. Kf2 Nd3+ 44. Ke2 Nc5 45. Rxb3 cxb3 46.
Rb6 Na4 47. Rb4 b2 48. Kd2 Ba2 49. Kc2 b1=Q+ 50. Rxb1 Bxb1+ 51. Kxb1 Nc3+ 52.
Kc2 Ne2 53. Kd2 Nf4 54. g3 Nh3 55. Ke3 g5 56. Ke2 h5 0-1

[Event "DRUZYNOWE MISTRZOSTWA POLSKI 2014 - SYGNITY EKSTRALIGA"]
[Site "Gorzow Wlkp, Wroclaw, Katowice"]
[Date "2014-00-00"]
[Round "2.11"]
[White "Sadzikowski, Daniel"]
[Black "Milanowski, Jan"]
[Result "1-0"]
[WhiteTitle "IM"]
[BlackTitle "I++"]
[WhiteElo "2496"]
[BlackElo "1952"]

1. e4 d6 2. d4 Nf6 3. Nc3 c6 4. f4 e6 5. Nf3 Nfd7 6. Bd3 Be7 7. O-O d5 8. exd5
exd5 9. Ne2 O-O 10. Ng3 Nf6 11. Ne5 c5 12. Nf5 cxd4 13. Nxe7+ Qxe7 14. b3 Nc6
15. Re1 Nxe5 16. fxe5 Nd7 17. Bb2 Nc5 18. Bxd4 Nxd3 19. Qxd3 Be6 20. Re3 Rfc8
21. c3 a6 22. a3 Rc6 23. Rg3 Rac8 24. b4 Rc4 25. Rf1 Qh4 26. Qd2 Qe4 27. h3 Qh4
28. Kh2 g6 29. Rf4 Qh6 30. Qf2 R8c7 31. Rgf3 Qg7 32. Rf6 R4c6 33. Qe3 Rc4 34.
Qg5 h6 35. Qe3 Kh7 36. h4 h5 37. Rg3 Qh6 38. Rg5 R7c6 39. Kg1 Qg7 40. Qf3 Rc7
41. Qd3 Qh6 42. Kh2 R7c6 43. Rf2 Rc8 44. Rf3 Kg8 45. Rfg3 Kh7 46. Qf3 R8c7 47.
Qf6 R4c6 48. Qd8 Rc4 49. a4 Rd7 50. Qe8 Kg7 51. Kg1 Rdc7 52. a5 R4c6 53. Bc5 Rxc5
54. bxc5 Rxc5 55. Qe7 Rxa5 56. Rxg6+ Qxg6 57. Qf6+ 1-0

[Event "DRUZYNOWE MISTRZOSTWA POLSKI 2014 - SYGNITY EKSTRALIGA"]
[Site "Gorzow Wlkp, Wroclaw, Katowice"]
[Date "2014-00-00"]
[Round "2.12"]
[White "Mareckova, Martina"]
[Black "Zawadzka, Jolanta"]
[Result "1/2-1/2"]
[WhiteTitle "WFM"]
[BlackTitle "WGM"]
[WhiteElo "2097"]
[BlackElo "2414"]

1. e4 d5 2. exd5 Qxd5 3. Nc3 Qd6 4. d4 Nf6 5. Nf3 g6 6. g3 Bg7 7. Bg2 c6 8. O-O
O-O 9. h3 Na6 10. Qe2 Re8 11. a3 Nc7 12. Bf4 Qd8 13. Rad1 Nfd5 14. Nxd5 Nxd5 15.
Bc1 b5 16. Ne5 Qb6 17. Rfe1 Be6 18. c3 a5 19. Nd3 Rad8 20. Nf4 Nxf4 21. Bxf4 Bb3
22. Rd2 Rd7 23. Qg4 e6 24. Qf3 Rc8 25. Be3 Qd8 26. Qe2 Qf6 27. Qf3 Qe7 28. Qe2
Bc4 29. Qd1 Rb7 30. Bf1 Bd5 31. Qc2 Qf6 32. Bg2 Bf8 33. h4 Qd8 34. Bg5 f6 35.
Bf4 Bxg2 36. Kxg2 Qd5+ 37. Qe4 Kf7 38. Rde2 Re8 39. Kg1 b4 40. axb4 axb4 41. Rc1
Ra8 42. cxb4 Qxe4 43. Rxe4 Ra6 44. Bd2 Bxb4 45. Bxb4 Rxb4 46. Rce1 c5 47. dxc5
Rxb2 48. Rc4 Rc6 49. Ra1 Rb7 50. f4 e5 51. fxe5 fxe5 52. Rac1 Ke6 53. Kf2 Rb3
54. Kg2 Kd5 55. R4c2 Rb4 56. Kf3 Rd4 57. Ke3 h5 58. Rc3 Rg4 59. Rd1+ Ke6 60. Ke2
Ra4 61. Kf3 Rd4 62. Rb1 Kd5 63. Re1 Rf6+ 64. Kg2 e4 65. Rc2 Rc6 66. Rec1 Rd3 67.
Re1 Ke5 68. Rce2 Rd4 69. Rc2 Kd5 70. Rec1 Rd3 71. Re1 e3 72. Rec1 Ke4 73. Rc4+
Rd4 74. Rxd4+ Kxd4 75. Kf3 Rf6+ 76. Ke2 Rf2+ 77. Ke1 Rh2 78. Rd1+ Ke4 79. Rd6
Rc2 80. Rxg6 Rxc5 81. Rg5 Rc1+ 82. Ke2 Rc2+ 83. Ke1 Kf3 84. Rf5+ Kxg3 85. Rxh5
Rh2 86. Rh8 Kf3 87. Rf8+ Kg4 88. Rg8+ Kf3 89. Rf8+ 1/2-1/2

[Event "DRUZYNOWE MISTRZOSTWA POLSKI 2014 - SYGNITY EKSTRALIGA"]
[Site "Gorzow Wlkp, Wroclaw, Katowice"]
[Date "2014-00-00"]
[Round "2.13"]
[White "Pakleza, Zbigniew"]
[Black "Maksimenko, Andrei"]
[Result "1-0"]
[WhiteTitle "IM"]
[BlackTitle "GM"]
[WhiteElo "2509"]
[BlackElo "2493"]

1. d4 Nf6 2. c4 e6 3. Nf3 d5 4. Nc3 c5 5. e3 dxc4 6. Bxc4 a6 7. a4 Nc6 8. O-O Be7
9. Ne5 Nb4 10. dxc5 Qc7 11. Nd3 Nxd3 12. Bxd3 Bxc5 13. Ne4 Nxe4 14. Bxe4 Bd6 15.
g3 O-O 16. Bd2 Rb8 17. Rc1 Qe7 18. Qc2 h6 19. Rfd1 Bd7 20. Bc3 Rfd8 21. a5 Bc6
22. Bxc6 bxc6 23. Qe4 Rbc8 24. Rd3 Bb8 25. Rxd8+ Qxd8 26. Qc4 Bc7 27. Qxa6 c5
28. Ra1 Ra8 29. Qc6 Bxa5 30. Qa4 1-0

[Event "DRUZYNOWE MISTRZOSTWA POLSKI 2014 - SYGNITY EKSTRALIGA"]
[Site "Gorzow Wlkp, Wroclaw, Katowice"]
[Date "2014-00-00"]
[Round "2.14"]
[White "Heberla, Bartlomiej"]
[Black "Weichhold, Pawel"]
[Result "1-0"]
[WhiteTitle "GM"]
[BlackTitle "m"]
[WhiteElo "2567"]
[BlackElo "2394"]

1. e4 c5 2. c3 d5 3. exd5 Qxd5 4. d4 Nf6 5. Nf3 e6 6. Be2 Be7 7. O-O O-O 8. c4
Qd8 9. dxc5 Bxc5 10. Nc3 Nc6 11. a3 h6 12. b4 Bd4 13. Nxd4 Nxd4 14. Be3 Nf5 15.
Bf4 g5 16. Qxd8 Rxd8 17. Bc7 Re8 18. Rad1 e5 19. Rfe1 e4 20. Bd8 Nh7 21. Bc7 Be6
22. c5 Bb3 23. Rd2 e3 24. fxe3 Rxe3 25. Rf1 Rc8 26. Nb5 Be6 27. g4 Nh4 28. Bg3
a6 29. Nd6 Rd8 30. a4 Rd7 31. Rb2 Rc3 32. Be5 Re3 33. Bd4 Ra3 34. Bd1 Rd3 35.
Bf2 Nf3+ 36. Bxf3 Rxf3 37. b5 axb5 38. axb5 Bxg4 39. Ra2 Rd3 40. Bg3 Rc3 41. Ra8+
Nf8 42. Ne4 Rxg3+ 43. hxg3 Kg7 44. Nd6 Ne6 45. Ne8+ Kg6 46. Nf6 Rd3 47. Rg8+ Ng7
48. Ne8 1-0

[Event "DRUZYNOWE MISTRZOSTWA POLSKI 2014 - SYGNITY EKSTRALIGA"]
[Site "Gorzow Wlkp, Wroclaw, Katowice"]
[Date "2014-00-00"]
[Round "2.15"]
[White "Brodowski, Piotr"]
[Black "Antoniewski, Rafal"]
[Result "1/2-1/2"]
[WhiteTitle "m"]
[BlackTitle "GM"]
[WhiteElo "2428"]
[BlackElo "2552"]

1. c4 Nf6 2. g3 g6 3. Bg2 Bg7 4. Nc3 O-O 5. d3 Nc6 6. e4 d6 7. Nge2 Bd7 8. h3 Qc8
9. Be3 a6 10. Rc1 e5 11. Qd2 Re8 12. g4 b5 13. g5 Nh5 14. Nd5 Ne7 15. Bf3 bxc4
16. dxc4 Nxd5 17. cxd5 Nf4 18. Nxf4 exf4 19. Bxf4 Bxh3 20. Bxd6 Qf5 21. Qe3 cxd6
22. exf5 Bxf5 23. O-O Rxe3 24. fxe3 Bxb2 25. Rc7 Bd3 26. Rf2 Be5 27. Bg2 Rf8 28.
Bf1 Be4 29. Bxa6 Bxd5 30. a4 Be6 31. Ra7 d5 32. Rd2 d4 33. exd4 Rd8 34. Bb7 Bxd4+
35. Kh1 Rd7 36. Ra8+ Kg7 37. Bf3 h6 38. gxh6+ Kxh6 39. a5 Kg5 40. a6 Kf4 41. Kg2
Ke3 42. Re2+ Kd3 43. Rc8 g5 44. Rcc2 Be3 45. Bc6 Ra7 46. Rb2 Bc4 47. Kf3 1/2-1/2

[Event "DRUZYNOWE MISTRZOSTWA POLSKI 2014 - SYGNITY EKSTRALIGA"]
[Site "Gorzow Wlkp, Wroclaw, Katowice"]
[Date "2014-00-00"]
[Round "2.16"]
[White "Jaracz, Pawel"]
[Black "Czakon, Jakub"]
[Result "1/2-1/2"]
[WhiteTitle "GM"]
[BlackTitle "IM"]
[WhiteElo "2505"]
[BlackElo "2472"]

1. e4 c6 2. c4 e5 3. Nf3 d6 4. d4 Nd7 5. Nc3 Ngf6 6. Be2 Be7 7. O-O O-O 8. Be3
Qc7 9. Nd2 h6 10. Rb1 Nh7 11. Nf3 Ng5 12. Qd2 Nxf3+ 13. Bxf3 Nf6 14. b4 b6 15.
d5 c5 16. bxc5 bxc5 17. Qe2 Bd7 18. Nb5 Qc8 19. Rb3 Nh7 20. Rfb1 f5 21. Bd2 a6
22. Nc3 Bg5 23. exf5 Bxd2 24. Qxd2 Ng5 25. Ne4 Nxe4 26. Bxe4 Bxf5 27. Qe2 Bxe4
28. Qxe4 Rf4 29. Qg6 Rf6 30. Qe4 Rf4 31. Qg6 Rf6 32. Qe4 Rf4 33. Qg6 1/2-1/2

[Event "DRUZYNOWE MISTRZOSTWA POLSKI 2014 - SYGNITY EKSTRALIGA"]
[Site "Gorzow Wlkp, Wroclaw, Katowice"]
[Date "2014-00-00"]
[Round "2.17"]
[White "Jedynak, Radoslaw"]
[Black "Grabarczyk, Miroslaw"]
[Result "1/2-1/2"]
[WhiteTitle "GM"]
[BlackTitle "GM"]
[WhiteElo "2453"]
[BlackElo "2480"]

1. d4 d5 2. c4 c6 3. Nf3 Nf6 4. e3 Bf5 5. Qb3 Qc7 6. Nc3 e6 7. Nh4 Be4 8. f3 Bg6
9. Nxg6 hxg6 10. f4 Nbd7 11. Bd2 Be7 12. Be2 Qb6 13. c5 Qxb3 14. axb3 a6 15. Bf3
Ng8 16. g3 f5 17. h4 Ngf6 18. Kd1 Ne4 19. Nxe4 dxe4 20. Be2 Nf6 21. Kc2 Nd5 22.
Bc4 Kf7 23. Rhg1 Rad8 24. Ra2 Rd7 25. Raa1 Rdd8 26. Ra2 Rd7 27. Raa1 Rdd8 28.
Ra2 1/2-1/2